Scullion v Bank of Scotland t/as Colleys (Record no. 83211)
[ view plain ]
| 000 -LEADER | |
|---|---|
| fixed length control field | 01015cad a22002295a 4500 |
| 001 - CONTROL NUMBER | |
| control field | L153168 |
| 008 - FIXED-LENGTH DATA ELEMENTS--GENERAL INFORMATION | |
| fixed length control field | 110620e20110620xxk 000 0 eng d |
| 035 ## - SYSTEM CONTROL NUMBER | |
| System control number | (Sirsi) u153168 |
| 041 0# - LANGUAGE CODE | |
| Language code of text/sound track or separate title | eng |
| 245 00 - TITLE STATEMENT | |
| Title | Scullion v Bank of Scotland t/as Colleys |
| Medium | [electronic resource] |
| 260 ## - PUBLICATION, DISTRIBUTION, ETC. | |
| Date of publication, distribution, etc. | 2011 |
| 490 ## - SERIES STATEMENT | |
| Series statement | RICS News |
| Volume/sequential designation | 20 June 2011 |
| 520 ## - SUMMARY, ETC. | |
| Summary, etc. | Summarises the CA decision which held that the valuer of a residential property does not owe a duty of care to a borrower if he or she was instructed by a commercial lender and the borrower is a buy-to-let investor. (See L153160 for summary and link to full transcript.). |
| 590 ## - LOCAL NOTE (RLIN) | |
| Local note | KA |
| 650 24 - SUBJECT ADDED ENTRY--TOPICAL TERM | |
| Topical term or geographic name entry element | SCULLION V BANK OF SCOTLAND PLC (T/A COLLEYS) |
| 650 24 - SUBJECT ADDED ENTRY--TOPICAL TERM | |
| Topical term or geographic name entry element | SMITH V BUSH |
| 650 24 - SUBJECT ADDED ENTRY--TOPICAL TERM | |
| Topical term or geographic name entry element | HEDLEY BRYNE V HELLLER |
| 651 #4 - SUBJECT ADDED ENTRY--GEOGRAPHIC NAME | |
| Geographic name | UNITED KINGDOM |
| 690 ## - LOCAL SUBJECT ADDED ENTRY--TOPICAL TERM (OCLC, RLIN) | |
| Topical term or geographic name as entry element | MANAGEMENT-BUSINESS MANAGEMENT-PROFESSIONAL PRACTICE-NEGLIGENCE |
| 856 40 - ELECTRONIC LOCATION AND ACCESS | |
| Uniform Resource Identifier | <a href="https://www.rics.org/site/scripts/news_article.aspx?newsID=2286.">https://www.rics.org/site/scripts/news_article.aspx?newsID=2286.</a> |
| Public note | View this item free of charge at www.rics.org |
| 942 ## - ADDED ENTRY ELEMENTS (KOHA) | |
| Suppress in OPAC | 0 |
| Withdrawn status | Lost status | Source of classification or shelving scheme | Damaged status | Not for loan | Home library | Current library | Shelving location | Date acquired | Total Checkouts | Full call number | Barcode | Date last seen | Copy number | Price effective from | Koha item type |
|---|---|---|---|---|---|---|---|---|---|---|---|---|---|---|---|
| Dewey Decimal Classification | Virtual | Virtual | Online | 20/06/2011 | ONLINE PUBLICATION | 153168-2001 | 06/08/2019 | 1 | 06/08/2019 | Journal article |